00626nam a2200169Ia 4500008004100000020001800041041000800059082001800067100002400085245010900109250000600218260006200224300001200286650000900298999001900307952013000326210716s2007 xx 000 0 und d a9788184042924 aeng a005.7525 MACM aMacdonald, Matthew. aAcces 2007 for staeters the missing manual: your best friend for answers.bYour best friend for answers. a1 aMumbaibShroff Publishers and Distributors Pvt Ltdc2007 axiv,377 aNone c189100d189100 001040708MCAaAIMITbAIMITeAthulya Booksg375.00l0o005.7525 MACMpMCA08608r2026-05-23 00:00:00v292.50w2021-07-16yBK